Progresos en Macroeconomía (Registro nro. 4124)

Detalles MARC
000 -LEADER
fixed length control field 01197 a2200253 4500
001 - CONTROL NUMBER
control field 46043
005 - DATE AND TIME OF LATEST TRANSACTION
control field 20260407155733.0
008 - FIXED-LENGTH DATA ELEMENTS--GENERAL INFORMATION
fixed length control field 260407a2007 arg spa d
003 - CONTROL NUMBER IDENTIFIER
control field AR-UNSa-BCEJYS
040 ## - CATALOGING SOURCE
Original cataloging agency AR-UNSa-BCEJYS
Language of cataloging spa
Transcribing agency AR-UNSa-BCEJYS
080 ## - UNIVERSAL DECIMAL CLASSIFICATION NUMBER
Universal Decimal Classification number 330.101.541
Common auxiliary subdivision Macroeconomía
020 ## - INTERNATIONAL STANDARD BOOK NUMBER
International Standard Book Number 978-950-9445-47-5
100 1# - MAIN ENTRY--PERSONAL NAME
Personal name Fanelli, José María
245 10 - TITLE STATEMENT
Title Progresos en Macroeconomía
264 #1 - PRODUCTION, PUBLICATION, DISTRIBUTION, MANUFACTURE, AND COPYRIGHT NOTICE
Place of production, publication, distribution, manufacture Buenos Aires :
Name of producer, publisher, distributor, manufacturer Asociación Argentina de Economía Política
Date of production, publication, distribution, manufacture, or copyright notice 2007
300 ## - PHYSICAL DESCRIPTION
Extent 236 p.
Dimensions 23 cm.
505 ## - FORMATTED CONTENTS NOTE
Formatted contents note 1. Prólogo - 2. Breve historia de la AAEP - 3. Consejo Directivo de la AAEP - 4. Complementariedades y política macroeconómica / Humberto M. Ennis - 5. Reformas estructurales y macroeconomía / José María Fanelli - 6. Desarrollos y alternativas : algunas perspectivas del análisis macroeconómico / Daniel Heymann - 7. Estabilización económica e incentivos políticos / Jorge M. Streb.
590 ## - LOCAL NOTE (RLIN)
Local note niveau_biblio:m niveau_hierar:0
700 1# - ADDED ENTRY--PERSONAL NAME
Personal name Ennis, Huberto María
700 1# - ADDED ENTRY--PERSONAL NAME
Personal name Heymann, Daniel
700 1# - ADDED ENTRY--PERSONAL NAME
Personal name Streb, Jorge M.
856 41 - ELECTRONIC LOCATION AND ACCESS
Uniform Resource Identifier <a href="https://www.biblioeco.unsa.edu.ar/pmb/images/libros/L127290.jpg">https://www.biblioeco.unsa.edu.ar/pmb/images/libros/L127290.jpg</a>
Link text Imagen de portada
Electronic format type image/jpeg
942 ## - ADDED ENTRY ELEMENTS (KOHA)
Koha item type
Existencias
Withdrawn status Lost status Damaged status Not for loan Home library Current library Shelving location Date acquired Total checkouts Full call number Barcode Date last seen Price effective from Koha item type
        Biblioteca Prof. Eusebio Cleto del Rey Biblioteca Prof. Eusebio Cleto del Rey   07/04/2026   330.101.541 E59 L127290 07/04/2026 07/04/2026 Libro
        Biblioteca Prof. Eusebio Cleto del Rey Biblioteca Prof. Eusebio Cleto del Rey   07/04/2026   330.101.541 E59 L128282 07/04/2026 07/04/2026 Libro